00349nam a2200145Ia 4500008004100000020001700041040001900058041001200077082002200089245001400111260002600125300002400151650001000175850001800185131103s9999 xx 000 0 und d a0 72381012 5 aLoreto College aEnglish a745/YOUbLCBED/13 aMake toys aBritainbNelsonc1974 a22p.b ill.c 24cm. aCraft aLCBED/745/YOU